<?xml version="1.0" encoding="UTF-8"?>
<record
    xmlns:xsi="http://www.w3.org/2001/XMLSchema-instance"
    xsi:schemaLocation="http://www.loc.gov/MARC21/slim http://www.loc.gov/standards/marcxml/schema/MARC21slim.xsd"
    xmlns="http://www.loc.gov/MARC21/slim">

  <leader>00926nam a2200265 a 4500</leader>
  <controlfield tag="001">30606</controlfield>
  <controlfield tag="003">UkOxU</controlfield>
  <controlfield tag="005">20211209051605.0</controlfield>
  <controlfield tag="008">140410r19671964ii       b    001 0 eng d</controlfield>
  <datafield tag="035" ind1=" " ind2=" ">
    <subfield code="a">BD-RjUL)30692</subfield>
  </datafield>
  <datafield tag="040" ind1=" " ind2=" ">
    <subfield code="a">CUM</subfield>
    <subfield code="c">CUM</subfield>
    <subfield code="d">UKM</subfield>
    <subfield code="d">EQO</subfield>
    <subfield code="d">BD-RjUL</subfield>
    <subfield code="b">eng</subfield>
  </datafield>
  <datafield tag="041" ind1=" " ind2=" ">
    <subfield code="a">eng</subfield>
  </datafield>
  <datafield tag="082" ind1="0" ind2=" ">
    <subfield code="a">181.4</subfield>
    <subfield code="b">NAM 1967</subfield>
  </datafield>
  <datafield tag="100" ind1="1" ind2=" ">
    <subfield code="a">Naravane, Vishwanath S.</subfield>
    <subfield code="9">87606</subfield>
  </datafield>
  <datafield tag="245" ind1="1" ind2="0">
    <subfield code="a">Modern Indian thought :</subfield>
    <subfield code="b">a philosophical survey /</subfield>
    <subfield code="c">[by] V.S. Naravane ; with a foreword by Humayun Kabir.</subfield>
  </datafield>
  <datafield tag="260" ind1=" " ind2=" ">
    <subfield code="a">Bombay ;</subfield>
    <subfield code="a">London :</subfield>
    <subfield code="b">Asia Pub. House,</subfield>
    <subfield code="c">1964 [Reprinted 1967]</subfield>
  </datafield>
  <datafield tag="300" ind1=" " ind2=" ">
    <subfield code="a">xiii, 310 p. ;</subfield>
    <subfield code="c">24 cm</subfield>
  </datafield>
  <datafield tag="500" ind1=" " ind2=" ">
    <subfield code="a">At head of title: Indian Council for Cultural Relations</subfield>
  </datafield>
  <datafield tag="504" ind1=" " ind2=" ">
    <subfield code="a">Includes bibliographical references and index.</subfield>
  </datafield>
  <datafield tag="650" ind1=" " ind2="0">
    <subfield code="a">Philosophy, Indic</subfield>
    <subfield code="y">Modern period.</subfield>
    <subfield code="9">92985</subfield>
  </datafield>
  <datafield tag="710" ind1="2" ind2=" ">
    <subfield code="a">Indian Council for Cultural Relations.</subfield>
    <subfield code="9">92986</subfield>
  </datafield>
  <datafield tag="942" ind1=" " ind2=" ">
    <subfield code="2">ddc</subfield>
    <subfield code="c">BK</subfield>
    <subfield code="0">3</subfield>
  </datafield>
  <datafield tag="999" ind1=" " ind2=" ">
    <subfield code="c">30606</subfield>
    <subfield code="d">30606</subfield>
  </datafield>
  <datafield tag="952" ind1=" " ind2=" ">
    <subfield code="0">0</subfield>
    <subfield code="1">0</subfield>
    <subfield code="2">ddc</subfield>
    <subfield code="4">0</subfield>
    <subfield code="7">0</subfield>
    <subfield code="8">NFIC</subfield>
    <subfield code="a">RUCL</subfield>
    <subfield code="b">RUCL</subfield>
    <subfield code="c">Stack</subfield>
    <subfield code="d">2010-04-24</subfield>
    <subfield code="e">India Govt. Gift</subfield>
    <subfield code="l">3</subfield>
    <subfield code="m">1</subfield>
    <subfield code="o">181.4 NAM 1967</subfield>
    <subfield code="r">2016-07-30 00:00:00</subfield>
    <subfield code="s">2016-06-26</subfield>
    <subfield code="t">C-2</subfield>
    <subfield code="w">2021-12-09</subfield>
    <subfield code="y">BK</subfield>
  </datafield>
  <datafield tag="952" ind1=" " ind2=" ">
    <subfield code="0">0</subfield>
    <subfield code="1">0</subfield>
    <subfield code="2">ddc</subfield>
    <subfield code="4">0</subfield>
    <subfield code="7">1</subfield>
    <subfield code="8">NFIC</subfield>
    <subfield code="a">RUCL</subfield>
    <subfield code="b">RUCL</subfield>
    <subfield code="c">Reading</subfield>
    <subfield code="d">1971-07-16</subfield>
    <subfield code="e">N/A</subfield>
    <subfield code="g">0.00</subfield>
    <subfield code="l">0</subfield>
    <subfield code="o">181.4 NAM 1967</subfield>
    <subfield code="r">2016-12-04 00:00:00</subfield>
    <subfield code="t">C-1</subfield>
    <subfield code="w">2016-12-04</subfield>
    <subfield code="y">BK</subfield>
  </datafield>
</record>
